[Event "Summer Prague Open 2025 - A"]
[Site "Olympik hotel, Sokolovska 138, Praha"]
[Date "2025.08.16"]
[Round "9"]
[Board "17"]
[White "Moser, Axel"]
[Black "Giraldi, Edoardo"]
[Result "1-0"]
[WhiteElo "2137"]
[BlackElo "2038"]
[PlyCount "0"]
[EventDate "2025.08.08"]
[EventRounds "9"]
[EventCountry "CZE"]

1. d4 d5 2. Nf3 Nf6 3. c4 e6 4. Bg5 Be7 5. Nc3 O-O 6. e3 c6 7. Qc2 Nbd7 8. Rd1 b6
9. cxd5 cxd5 10. Bd3 Bb7 11. O-O a6 12. Ne5 h6 13. Bh4 Nxe5 14. dxe5 Ng4 15. Bg3
Qc7 16. Nxd5 Qd7 17. Nxb6 Qe8 18. Nxa8 Qxa8 19. h3 h5 20. hxg4 h4 21. Bh2 Bxg2 22.
f3 Bxf3 23. Rxf3 Qxf3 24. Qe2 Qc6 25. Qg2 Qc5 26. Qe4 g6 27. Bc4 Qb6 28. b3 Bc5 29.
Bf4 Be7 30. Kg2 Qa5 31. a4 Qc3 32. Qd3 Qb2+ 33. Qd2 Qa3 34. Qc1 Qb4 35. e4 Qb7 36.
Qe3 Rc8 37. Kf3 Qb4 38. Bg5 Bc5 39. Qd2 Qa3 40. Qd7 Rf8 41. Bf6 g5 42. Qd2  1-0

[Event "Summer Prague Open 2025 - A"]
[Site "Olympik hotel, Sokolovska 138, Praha"]
[Date "2025.08.16"]
[Round "9"]
[Board "18"]
[White "Kuhn, Ulf"]
[Black "Mok, Erwin Jun-Han"]
[Result "1-0"]
[WhiteElo "2105"]
[BlackElo "1886"]
[PlyCount "0"]
[EventDate "2025.08.08"]
[EventRounds "9"]
[EventCountry "CZE"]

1. Nf3 d5 2. e3 Nf6 3. b3 e6 4. Bb2 Bd6 5. c4 O-O 6. Nc3 b6 7. cxd5 exd5 8. d4 Bb7
9. Bd3 Nbd7 10. O-O a6 11. Ne2 Qe7 12. Ng3 g6 13. Rc1 Ne4 14. Qe2 f5 15. Rc2 g5 16.
Rfc1 c6 17. Nf1 g4 18. Ne1 Kh8 19. g3 a5 20. Nd2 Qg7 21. Ng2 Rae8 22. Ba6 Ba8 23.
Nxe4 fxe4 24. Qd1 Re6 25. Be2 Rg8 26. Nf4 Bxf4 27. exf4 Qg6 28. Bc3 Qh5 29. Bd2 Qf5
30. Be3 h5 31. h4 gxh3 32. Bxh5 Rh6 33. Be2 h2+ 34. Kh1 Nf6 35. Qf1 Ng4 36. Qg2 Bb7
37. Rc3 Nxe3 38. fxe3 Qh3 39. g4 Qxg2+ 40. Kxg2 c5 41. Rh1 Bc8 42. g5 Bh3+ 43. Kg3
cxd4 44. exd4 Bf5 45. Rxh2 Rxh2 46. Kxh2 Rg6 47. Kg3 Re6 48. Rc8+ Kg7 49. Rd8 Rc6
50. Rxd5 Rc3+ 51. Kf2 Bg6 52. Rd7+ Kf8 53. Rd6 e3+ 54. Kg3 Bf7 55. g6  1-0

[Event "Summer Prague Open 2025 - A"]
[Site "Olympik hotel, Sokolovska 138, Praha"]
[Date "2025.08.16"]
[Round "9"]
[Board "19"]
[White "Fogel, Pierre"]
[Black "Hozda, Max"]
[Result "1/2-1/2"]
[WhiteElo "2103"]
[BlackElo "1963"]
[PlyCount "0"]
[EventDate "2025.08.08"]
[EventRounds "9"]
[EventCountry "CZE"]

1. c4 e5 2. Nc3 Nf6 3. Nf3 Nc6 4. g3 d5 5. cxd5 Nxd5 6. Bg2 Nb6 7. O-O Be7 8. b3
O-O 9. Bb2 Be6 10. Rc1 f6 11. d4 Nxd4 12. Nxd4 exd4 13. Nb5 c6 14. Nxd4 Qd7 15. Qc2
Bh3 16. Bxh3 Qxh3 17. Nf5 Rfe8 18. e4 Bf8 19. Rce1 g6 20. Ne3 Qe6 21. f3 Rad8 22.
Bc3 Bc5 23. Kg2 Bxe3 24. Rxe3 Nd5 25. Rd3 Nxc3 26. Qxc3 Rd6 27. Rfd1 Red8 28. h4
Rxd3 29. Rxd3 Rxd3 30. Qxd3 Qe7 31. a4 Kg7 32. f4 b5 33. Kf3 bxa4 34. bxa4 Qe6 35.
f5 Qe7 36. g4 gxf5 37. exf5 c5 38. Qe4 Qd7 39. g5 Qd1+ 40. Kg2 Qd2+ 41. Kh3 Qc3+
42. Kg4 Qb4 43. Kf3 Qb3+ 44. Ke2 Qb2+ 45. Kd1 Qb3+ 46. Kd2 Qb2+ 47. Kd1 Qb3+ 48.
Kd2  1/2-1/2

[Event "Summer Prague Open 2025 - A"]
[Site "Olympik hotel, Sokolovska 138, Praha"]
[Date "2025.08.16"]
[Round "9"]
[Board "20"]
[White "Muller, Maxime"]
[Black "Toniolo, Samuel"]
[Result "1-0"]
[WhiteElo "2043"]
[BlackElo "2078"]
[PlyCount "0"]
[EventDate "2025.08.08"]
[EventRounds "9"]
[EventCountry "CZE"]

1. d4 Nf6 2. c4 c5 3. d5 b5 4. cxb5 a6 5. bxa6 e6 6. Nc3 exd5 7. Nxd5 Be7 8. e3 O-O
9. Nf3 Nxd5 10. Qxd5 Nc6 11. Bd2 Qb6 12. Bc3 Bxa6 13. Bxa6 Qxa6 14. Qxd7 Rfd8 15.
Qg4 g6 16. Nd2 Bf6 17. Qe2 Nb4 18. Qxa6 Rxa6 19. Bxf6 Rxf6 20. Ke2 Nd3 21. Ne4 Re6
22. Rhd1 c4 23. Nc5 Red6 24. Nb7 R6d7 25. Nxd8 Rxd8 26. b3 Rc8 27. Rxd3 cxd3+ 28.
Kxd3 Rd8+ 29. Ke2 Rc8 30. a4  1-0

[Event "Summer Prague Open 2025 - A"]
[Site "Olympik hotel, Sokolovska 138, Praha"]
[Date "2025.08.16"]
[Round "9"]
[Board "21"]
[White "Nilsson, Patrik 1968"]
[Black "Petr, Jakub"]
[Result "0-1"]
[WhiteElo "1967"]
[BlackElo "2292"]
[PlyCount "0"]
[EventDate "2025.08.08"]
[EventRounds "9"]
[EventCountry "CZE"]

1. e4 c5 2. Nf3 d6 3. d4 cxd4 4. Nxd4 Nf6 5. Nc3 a6 6. Bg5 e6 7. f4 Be7 8. Qf3 Qc7
9. O-O-O Nbd7 10. Be2 b5 11. Bxf6 Nxf6 12. e5 dxe5 13. Qxa8 exd4 14. Nxb5 axb5 15.
Bxb5+ Nd7 16. Rxd4 O-O 17. Rc4 Bc5 18. Qf3 Nb6 19. Rc3 Nd5 20. Rb3 Bb7 21. Qg4 Be3+
22. Kb1 Bxf4 23. Rf1 Be5 24. Bd3 Nf6 25. Rxf6 Bxf6 26. Bxh7+ Kxh7 27. Rh3+ Kg8 28.
Qh5 Bh4 29. Rxh4 f6 30. Qh7+ Kf7 31. Qh5+ Ke7 32. Qg4 Qc5 33. b3 Qg1+ 34. Kb2 Qxg2
35. Qb4+ Kf7 36. Rg4 Qh1 37. Qc5 Qxh2 38. Rb4 Bd5 39. Qa7+ Kg8 40. Rg4 Qe5+ 41. Kb1
f5 42. Rg1 Be4 43. Qd7 Bxc2+ 44. Kxc2 Qc5+ 45. Kb2 Qxg1  0-1

[Event "Summer Prague Open 2025 - A"]
[Site "Olympik hotel, Sokolovska 138, Praha"]
[Date "2025.08.16"]
[Round "9"]
[Board "22"]
[White "Czaeczine, Anne"]
[Black "Rohfleisch, Daniel"]
[Result "1-0"]
[WhiteElo "2168"]
[BlackElo "1975"]
[PlyCount "0"]
[EventDate "2025.08.08"]
[EventRounds "9"]
[EventCountry "CZE"]

1. e4 e5 2. Nf3 Nf6 3. Nxe5 d6 4. Nf3 Nxe4 5. Nc3 Nxc3 6. dxc3 Be7 7. Be3 O-O 8.
Qd2 Nd7 9. O-O-O c6 10. h4 d5 11. c4 Nf6 12. cxd5 Qxd5 13. Kb1 Be6 14. Qxd5 Nxd5
15. Bg5 f6 16. Bc1 Bg4 17. Rd3 Rad8 18. a3 Bc5 19. Nd4 Nb6 20. f3 Rxd4 21. Rxd4 Bxd4
22. fxg4 Re8 23. Bd3 Nd7 24. Bc4+ Kf8 25. Rd1 Re4 26. Bd3 Re7 27. Bf5  1-0

[Event "Summer Prague Open 2025 - A"]
[Site "Olympik hotel, Sokolovska 138, Praha"]
[Date "2025.08.16"]
[Round "9"]
[Board "23"]
[White "Steiner, Juraj"]
[Black "Mikulka, Martin Michael"]
[Result "0-1"]
[WhiteElo "1959"]
[BlackElo "2062"]
[PlyCount "0"]
[EventDate "2025.08.08"]
[EventRounds "9"]
[EventCountry "CZE"]

1. d4 d6 2. c4 e5 3. Nf3 e4 4. Nfd2 f5 5. e3 c5 6. d5 g6 7. f3 exf3 8. Nxf3 Bg7 9.
Bd3 Nf6 10. Nc3 O-O 11. O-O Re8 12. Qc2 Qe7 13. Bd2 Nbd7 14. Rae1 Ne4 15. Nd1 b5
16. Bc3 bxc4 17. Bxe4 Qxe4 18. Qxe4 fxe4 19. Ng5 Nb6 20. Bxg7 Kxg7 21. Nc3 Bf5 22.
g4 h6 23. Nf7 Kxf7 24. gxf5 g5 25. h4 a6 26. Re2 Re5 27. hxg5 hxg5 28. Rh2 Nxd5 29.
Nxd5 Rxd5 30. Rh7+ Kf6 31. Rh6+ Kg7 32. Rg6+ Kf7 33. Rxg5 Rg8 34. Rxg8 Kxg8 35. Kg2
Kf7 36. Rc1 Rd2+ 37. Kg3 d5 38. b3 Re2 39. bxc4 Rxe3+ 40. Kf4 d4 41. Ke5 d3 42. f6
d2 43. Rd1 Re2 44. Rb1 Re1 45. Rb7+ Kg6 46. Rg7+ Kh6 47. Rg2 d1=Q 48. Ke6 Rf1  0-1

[Event "Summer Prague Open 2025 - A"]
[Site "Olympik hotel, Sokolovska 138, Praha"]
[Date "2025.08.16"]
[Round "9"]
[Board "24"]
[White "Grzesik, Norbert"]
[Black "Kronemeijer, Simon"]
[Result "1/2-1/2"]
[WhiteElo "1958"]
[BlackElo "2051"]
[PlyCount "0"]
[EventDate "2025.08.08"]
[EventRounds "9"]
[EventCountry "CZE"]

1. e4 c5 2. Nf3 Nc6 3. d4 cxd4 4. Nxd4 e5 5. Nb5 d6 6. N1c3 a6 7. Na3 Be7 8. Nc4
b5 9. Ne3 Nf6 10. Ned5 O-O 11. a4 b4 12. Nxf6+ Bxf6 13. Nd5 Bg5 14. Bc4 Bxc1 15.
Rxc1 Qg5 16. O-O Ra7 17. Qd3 Be6 18. Ne3 Bxc4 19. Nxc4 Rd8 20. Rcd1 Nd4 21. c3 bxc3
22. bxc3 Ne6 23. Qg3  1/2-1/2

[Event "Summer Prague Open 2025 - A"]
[Site "Olympik hotel, Sokolovska 138, Praha"]
[Date "2025.08.16"]
[Round "9"]
[Board "25"]
[White "Palka, Dominika"]
[Black "Glimbrant, Torbjorn"]
[Result "0-1"]
[WhiteElo "1890"]
[BlackElo "2039"]
[PlyCount "0"]
[EventDate "2025.08.08"]
[EventRounds "9"]
[EventCountry "CZE"]

1. d4 g6 2. e4 Bg7 3. Nc3 d6 4. Be3 c6 5. Be2 b5 6. a3 a6 7. f4 Nf6 8. e5 Nd5 9.
Nxd5 cxd5 10. Bf3 e6 11. Nh3 Nc6 12. O-O h5 13. Qd2 Ne7 14. g3 Nf5 15. Bf2 Bb7 16.
Rfe1 Rc8 17. a4 bxa4 18. Rxa4 O-O 19. Be2 Qc7 20. c3 dxe5 21. fxe5 Bh6 22. Qd1 a5
23. Bxh5 Bc6 24. Ra1 gxh5 25. Qxh5 f6 26. exf6 Rxf6 27. Re5 Ng7 28. Qh4 Rcf8 29.
g4 Bf4 30. Nxf4 Rxf4 31. Bg3 Rf3 32. g5 Nf5 33. Rxf5 Rxg3+ 34. Qxg3 Qxg3+ 35. hxg3
Rxf5 36. Rxa5 Rxg5 37. Ra6 Bd7 38. Rd6 Rg7 39. Kf2 Kf8 40. Ra6 Ke7 41. Kf3 Rf7+ 42.
Ke3 Rf1 43. Ra7 Kd6 44. Ra6+ Bc6 45. g4 Kc7 46. Ra7+ Bb7 47. b4 Kb6 48. Ra2 Bc6 49.
g5 Rf7 50. Ra1 Kb7 51. Ra2 Be8 52. Rh2 Rf5 53. Rh6 Rxg5 54. Rxe6 Bc6 55. Kf4 Rg1
56. Re3 Kb6 57. Ke5 Rg8 58. Rh3 Re8+ 59. Kd6 Rd8+ 60. Ke5 Kb5 61. Rh6 Re8+ 62. Kf4
Re4+ 63. Kf3 Re1 64. Kf4 Rc1 65. Rh3 Re1 66. Rh6 Be8 67. Rd6 Kc4 68. Rd8 Ba4 69.
Rc8+ Kd3 70. Rc5 Bb3 71. b5 Bc4 72. b6 Kxc3 73. b7 Rb1 74. Rc7 Kxd4 75. Kf5 Ba6 76.
Kf4 Rxb7  0-1

[Event "Summer Prague Open 2025 - A"]
[Site "Olympik hotel, Sokolovska 138, Praha"]
[Date "2025.08.16"]
[Round "9"]
[Board "26"]
[White "Posluszny, Tomasz"]
[Black "Chubar, Vladimir"]
[Result "1-0"]
[WhiteElo "2036"]
[BlackElo "1928"]
[PlyCount "0"]
[EventDate "2025.08.08"]
[EventRounds "9"]
[EventCountry "CZE"]

1. b3 e6 2. Bb2 f5 3. Nf3 Nf6 4. g3 d5 5. Bg2 Bd6 6. c4 c6 7. O-O O-O 8. Nc3 Bd7
9. d4 Be8 10. Qc2 Ne4 11. e3 Nd7 12. Nd2 Nxc3 13. Qxc3 g5 14. f3 a5 15. a3 b5 16.
e4 c5 17. exd5 cxd4 18. Qc2 e5 19. f4 gxf4 20. gxf4 Bc5 21. Kh1 e4 22. cxb5 Rc8 23.
Rac1 Nb6 24. Nc4 Bxb5 25. Qf2 Nxd5 26. Rg1 Kh8 27. Bxd4+ Bxd4 28. Qxd4+ Nf6 29. Nd6
Rxc1 30. Nf7+ Kg7 31. Nxd8 Rxg1+ 32. Kxg1 Bd7 33. Nb7 a4 34. Nc5 axb3 35. Nxd7 Rf7
36. Nxf6 Rxf6 37. Qb4  1-0